000 005860000a22001930004500
001 768714001
003 CO-MdFUSB
005 20170614111548.0
008 170614b2008 cr ||||| |||| 00| 0 cr d
040 _aCO-MdFUSB
_bspa
_cCO-MdFUSB
_dCO-MdFUSB
041 _aspa
100 1 _aJones Peter.
_eautor
245 1 0 _aCalvino y los paganos.
300 _aVolumen 11. Número 2 (2009), Páginas 9-26
_c21 cm.
546 _aTexto en español
650 1 4 _aREFORMA
773 0 _tRevista Reforma Siglo 21
_049443
_960191
_gVolumen 11. Número 2 (2009), Páginas 9-26
_qPágina 9
942 _cANA
999 _c63355
_d63355